| 000 | 00592nam a2200157 i 4500 | ||
|---|---|---|---|
| 001 | 51298 | ||
| 003 | ES-MaACL | ||
| 005 | 20230906162330.0 | ||
| 007 | t| | ||
| 008 | 030812s1986 sp ||||1| spa d | ||
| 245 | 0 | 0 |
_aDadá-surrealismo _b: precursores, marginales y heterodoxos : coloquio celebrado en Cádiz del 19 al 22 de noviembre de 1985 / _cedición a cargo de Lola Bermúdez ... [et al.]. |
| 260 |
_aCádiz : _bUniversidad de Cádiz, Servicio de Publicaciones, _c1986. |
||
| 300 |
_a202 p. ; _c39 cm. |
||
| 700 | 1 |
_aBermúdez, Dolores. _928127 |
|
| 852 |
_aES-MaACL _jL-11363 _bR.113209 |
||
| 999 |
_c51298 _d51298 |
||